Дело о выдаче денежного пособия волонтеру Медико-хирургической академии в Петербурге венгерцу О. Галдинскому на переезд из Петер...

RUSMARC
00005896cbc2a2200000#x 450
001ea4c10bd-5a6d-450a-b011-10ba95a407ce
00520180813103717.0
100##$a20150824l18241824k l0rusy0189 ca
1010#$alat
$arus
102##$aRU
2001#$aДело о выдаче денежного пособия волонтеру Медико-хирургической академии в Петербурге венгерцу О. Галдинскому на переезд из Петербурга в Харьков
$j4 июня 1824 г.
251##$cДело
300##$aДело на русском и латинском языках
300##$aРукописный текст. Чернила
300##$aОригинальный заголовок дела: Дело по записке волонтера Медико-хирургической академии Галдинского об оказании ему пособия к отправлению в Харьковский университет для окончания в оном курса медицинских наук. 4 июня 1824 г.
801#0$aRU
$bРГИА
$c20150824
801#1$aRU
$bГлавНИВЦ
$c20150824
$2rusmarc
801#2$aRU
$bПБ им. Б.Н. Ельцина
$c20151215
$gRCR
$2rusmarc
850##$aФедеральное казенное учреждение "Российский государственный исторический архив" (РГИА)
852##$aРГИА
$j149
937##$hРГИА
$d12087950
$aASBIBLIO_SCAN
462#0$100110dcdccd-ec79-4ee8-a204-b9d031b41c04
$12001
$aМедицинские дела Департамента народного просвещения
$vД. 149
$1251
$cОпись
$1852
$j99
461#0$1001a74412a3-3cc5-4d21-8f0a-dfe2fbd9e72d
$12001
$aДепартамент народного просвещения Министерства народного просвещения
$1251
$cФонд
$1852
$j733
215##$a9 листов
$d36,5x26 см
371##$aДокумент не является опубликованным и широко распространяемым
5171#$aДело по записке волонтера Медико-хирургической академии Галдинского об оказании ему пособия к отправлению в Харьковский университет для окончания в оном курса медицинских наук
$e4 июня 1824 г.
105##$aу###
1220#$ad18240604##
035##$aea4c10bd-5a6d-450a-b011-10ba95a407ce
60102$aВоенно-медицинская академия им. С. М. Кирова
$cСанкт-Петербург, город
$xИстория
$2prlib_sh
$3LIBNET\UAF\0000076652
$jДокументы и материалы
686##$2rubbk
$a58.9
$vLBC/M
686##$a63.3(2)521-76
$vLBC/M
$2rubbk
605##$2acquisition_Prlib
$3LIBNET\UAF\0000074784
$aГод добровольца (волонтера) в России
$lколлекция
605##$2acquisition_Prlib
$3DITM\AF\0000003834
$aНарод
$lколлекция
605##$aВласть
$lколлекция
$2acquisition_Prlib
$3DITM\AF\0000002775
6061#$aВолонтерская деятельность
$2nlr_sh
$3RU\NLR\AUTH\661440346
$jДокументы и материалы
Формат отображения